Ženy (nielen) v politike pred sto rokmi a dnes
Historická analýza postavenia žien v Rakúsko-Uhorsku a neskôr v Československu. Boj žien za volebné právo a rodovo vyrovnaný prístup vo viacerých oblastiach spoločenského života od minulosti po súčasnosť. Výpočet žien - političiek 1. Československej republiky.
Gespeichert in:
| 1. Verfasser: | |
|---|---|
| Weitere Verfasser: | |
| Format: | Buchkapitel |
| Sprache: | Slowakisch |
| Schlagworte: | |
| Tags: |
Keine Tags, Fügen Sie das erste Tag hinzu!
|
MARC
| LEADER | 00000naa a2200000 4500 | ||
|---|---|---|---|
| 001 | 0278395 | ||
| 005 | 20210909100845.5 | ||
| 041 | 0 | |a slo | |
| 044 | |a CZ | ||
| 245 | 1 | 0 | |a Ženy (nielen) v politike pred sto rokmi a dnes |c Martina Hrozenská, Silvia Morávková |
| 520 | |a Historická analýza postavenia žien v Rakúsko-Uhorsku a neskôr v Československu. Boj žien za volebné právo a rodovo vyrovnaný prístup vo viacerých oblastiach spoločenského života od minulosti po súčasnosť. Výpočet žien - političiek 1. Československej republiky. | ||
| 610 | 2 | 0 | |a ženy |
| 610 | 2 | 0 | |a emancipácia |
| 610 | 2 | 0 | |a rovnosť rodová |
| 610 | 2 | 0 | |a politika |
| 610 | 2 | 0 | |a hnutie ženské |
| 610 | 2 | 0 | |a história |
| 100 | 1 | |a Hrozenská, Martina | |
| 700 | 1 | |a Morávková, Silvia | |